Managing knowledge: the Singapore way (Record no. 69278)

000 -LEADER
fixed length control field 00461pab a2200169 454500
008 - FIXED-LENGTH DATA ELEMENTS--GENERAL INFORMATION
fixed length control field 180718b2006 xxu||||| |||| 00| 0 eng d
100 ## - MAIN ENTRY--PERSONAL NAME
Personal name Cheng, Patrick Low Kim
245 ## - TITLE STATEMENT
Title Managing knowledge: the Singapore way
260 ## - PUBLICATION, DISTRIBUTION, ETC.
Date of publication, distribution, etc. 2006
300 ## - PHYSICAL DESCRIPTION
Extent p.38-46.
362 ## - DATES OF PUBLICATION AND/OR SEQUENTIAL DESIGNATION
Dates of publication and/or sequential designation Mar
650 ## - SUBJECT ADDED ENTRY--TOPICAL TERM
Topical term or geographic name entry element Knowledge management - Singapore
650 ## - SUBJECT ADDED ENTRY--TOPICAL TERM
Topical term or geographic name entry element Knowledge management
700 ## - ADDED ENTRY--PERSONAL NAME
Personal name Singh, Netra Pal
773 ## - HOST ITEM ENTRY
Main entry heading ICSSR Journal of Knowledge Management
909 ## -
-- 69278
Holdings
Withdrawn status Lost status Damaged status Not for loan Permanent Location Current Location Date acquired Serial Enumeration / chronology Barcode Date last seen Price effective from Koha item type
        Indian Institute of Public Administration Indian Institute of Public Administration 2018-07-19 Volume no: 4, Issue no: 1 AR69734 2018-07-19 2018-07-19 Articles

Powered by Koha